Toronto Raptors leading scorer each game (2024-2025 season) - Statistics

General Stats
  • This quiz has been taken 12 times
  • The average score is 6 of 12
Answer Stats
# of games Player % Correct
25 Scottie Barnes
100%
25 RJ Barrett
92%
6 Immanuel Quickley
83%
7 Jakob Poeltl
75%
5 Gradey Dick
67%
2 Chris Boucher
58%
4 Ja'Kobe Walter
33%
3 Ochai Agbaji
33%
1 Jonathan Mogbo
17%
1 Orlando Robinson
17%
2 AJ Lawson
8%
1 Jared Rhoden
0%
No matching quizzes found
Score Distribution
Percent of People with Each Score
Percentile by Number Answered
Your Score History
You have not taken this quiz